[Event "WLS-ch"]
[Site "Ogmore-by-Sea"]
[Date "1992.04.20"]
[Round "5"]
[White "Morton, Robert"]
[Black "Bennett, Roger BA"]
[Result "1-0"]
[WhiteElo "1905"]
[BlackElo "1905"]
[PlyCount "79"]
[EventDate "1992.04.17"]
[EventType "swiss"]
[EventRounds "7"]
[EventCountry "WLS"]
[SourceTitle "BritBase"]
[Source "John Saunders"]
[SourceDate "2024.03.28"]
[SourceVersion "1"]
[SourceVersionDate "2024.03.28"]
[SourceQuality "1"]

1. e4 e5 2. Nc3 Nc6 3. Bc4 Nf6 4. d3 Be7 5. a3 d6 6. Nf3 Bg4 7. h3 Bd7 8. Be3
O-O 9. g4 Kh8 10. g5 Ne8 11. Rg1 f5 12. exf5 Bxf5 13. Nh4 g6 14. Nxf5 Rxf5 15.
Be6 Rf8 16. h4 Ng7 17. Bg4 Nf5 18. Bxf5 Rxf5 19. Qg4 Qg8 20. Rh1 Qe6 21. O-O-O
Bf8 22. h5 Ne7 23. Rh2 Bg7 24. hxg6 Nxg6 25. Rdh1 Nf8 26. Ne4 Qg6 27. Ng3 Rf7
28. Nh5 Re8 29. Nxg7 Rxg7 30. Rh6 Qf7 31. f4 Re6 32. R6h2 Re8 33. f5 c5 34. g6
Qc7 35. Bg5 Kg8 36. Bf6 hxg6 37. Rh8+ Kf7 38. Bxg7 Kxg7 39. Rxf8 Kxf8 40. Rh8+
1-0

[Event "WLS-ch"]
[Site "Ogmore-by-Sea"]
[Date "1992.04.20"]
[Round "5"]
[White "Rees, Gwynfor"]
[Black "Perrett, David C"]
[Result "0-1"]
[WhiteElo "2010"]
[BlackElo "2085"]
[PlyCount "80"]
[EventDate "1992.04.17"]
[EventType "swiss"]
[EventRounds "7"]
[EventCountry "WLS"]
[SourceTitle "BritBase"]
[Source "John Saunders"]
[SourceDate "2024.03.28"]
[SourceVersion "1"]
[SourceVersionDate "2024.03.28"]
[SourceQuality "1"]

1. d4 d5 2. c4 e6 3. cxd5 exd5 4. Nc3 c6 5. Nf3 f5 6. Bf4 Nf6 7. e3 Be7 8. Bd3
O-O 9. Ne5 Be6 10. Qc2 Ne4 11. f3 Nd6 12. g4 Bg5 13. O-O-O Bxf4 14. exf4 Nd7
15. Rhe1 Qf6 16. g5 Qe7 17. h4 Nxe5 18. Rxe5 Rae8 19. b3 Nf7 20. Ree1 Qb4 21.
Kb2 Nd6 22. a3 Qxd4 23. Bxf5 Bxf5 24. Rxe8 Rxe8 25. Rxd4 Bxc2 26. Kxc2 Nf5 27.
Ra4 a6 28. h5 Ng3 29. Kd2 Nxh5 30. f5 Rf8 31. Rh4 Ng3 32. f6 gxf6 33. Rg4 Nf5
34. gxf6+ Kf7 35. Na4 Kxf6 36. Nc5 Rf7 37. Rb4 Nd6 38. Rf4+ Kg6 39. Rg4+ Kf5
40. Rh4 Kg5 0-1

[Event "WLS-ch"]
[Site "Ogmore-by-Sea"]
[Date "1992.04.20"]
[Round "5"]
[White "Rice, John P"]
[Black "Cordy, Steven"]
[Result "0-1"]
[WhiteElo "1810"]
[BlackElo "1995"]
[PlyCount "74"]
[EventDate "1992.04.17"]
[EventType "swiss"]
[EventRounds "7"]
[EventCountry "WLS"]
[SourceTitle "BritBase"]
[Source "John Saunders"]
[SourceDate "2024.03.28"]
[SourceVersion "1"]
[SourceVersionDate "2024.03.28"]
[SourceQuality "1"]

1. f4 d5 2. e3 Nf6 3. Nf3 Bg4 4. Be2 e6 5. b3 Ne4 6. O-O Bxf3 7. Bxf3 Qf6 8. d4
Nd7 9. Bxe4 dxe4 10. Nd2 Qf5 11. c4 Nf6 12. Qc2 c5 13. Bb2 Rd8 14. a3 cxd4 15.
Bxd4 Bc5 16. Qc3 Ng4 17. h3 Nxe3 18. Bxe3 Rd3 19. Qxg7 Bxe3+ 20. Kh1 Bd4 21. g4
Bxg7 22. gxf5 Bxa1 23. Nxe4 Bd4 24. fxe6 fxe6 25. Ng5 Rg8 26. Re1 Kd7 27. Kh2
h6 28. Ne4 Rxb3 29. Rd1 Rb2+ 30. Kh1 Rg1+ 31. Rxg1 Bxg1 32. Kxg1 Ke7 33. c5 b6
34. cxb6 axb6 35. h4 Rb3 36. Nf2 Rxa3 37. h5 Ra5 0-1

[Event "WLS-ch"]
[Site "Ogmore-by-Sea"]
[Date "1992.04.20"]
[Round "5"]
[White "Richmond Garwell, Jane"]
[Black "James, David J"]
[Result "1/2-1/2"]
[WhiteElo "2125"]
[BlackElo "2225"]
[PlyCount "85"]
[EventDate "1992.04.17"]
[EventType "swiss"]
[EventRounds "7"]
[EventCountry "WLS"]
[SourceTitle "BritBase"]
[Source "John Saunders"]
[SourceDate "2024.03.28"]
[SourceVersion "1"]
[SourceVersionDate "2024.03.28"]
[SourceQuality "1"]

1. e4 c5 2. Nf3 d6 3. c3 Nf6 4. Be2 Nbd7 5. Qa4 g6 6. O-O Bg7 7. Re1 O-O 8. Bf1
Ne5 9. d4 Nxf3+ 10. gxf3 Bd7 11. Qb3 b5 12. Be3 c4 13. Qd1 d5 14. Bg2 Qb8 15.
Nd2 e6 16. Bg5 Nh5 17. exd5 exd5 18. f4 Nxf4 19. Bxf4 Qxf4 20. Re3 Bc6 21. a4
a6 22. Qe1 Qf5 23. axb5 axb5 24. Nf3 Rae8 25. Ra6 Qc8 26. Ra7 Bh6 27. Ree7 Rxe7
28. Qxe7 Qe6 29. Ne5 Qxe7 30. Rxe7 Ba8 31. Rd7 Bc1 32. Bxd5 Bxd5 33. Rxd5 Rb8
34. Nd7 Rb7 35. Nf6+ Kf8 36. Nd7+ Kg7 37. Nc5 Re7 38. f3 Bxb2 39. Ne4 Rb7 40.
Nd6 Rb8 41. Rxb5 Rd8 42. Nf5+ Kf6 43. Rxb2 1/2-1/2

[Event "WLS-ch"]
[Site "Ogmore-by-Sea"]
[Date "1992.04.20"]
[Round "5"]
[White "Rizvi, Nasir"]
[Black "Bevan, Peter M"]
[Result "1/2-1/2"]
[WhiteElo "1990"]
[BlackElo "2050"]
[PlyCount "89"]
[EventDate "1992.04.17"]
[EventType "swiss"]
[EventRounds "7"]
[EventCountry "WLS"]
[SourceTitle "BritBase"]
[Source "John Saunders"]
[SourceDate "2024.03.28"]
[SourceVersion "1"]
[SourceVersionDate "2024.03.28"]
[SourceQuality "1"]

1. e4 Nf6 2. e5 Nd5 3. d4 d6 4. c4 Nb6 5. f4 dxe5 6. fxe5 Nc6 7. Be3 Bf5 8. Nc3
e6 9. Nf3 Be7 10. Be2 O-O 11. O-O f6 12. Qe1 Nb4 13. Rd1 Nc2 14. Qf2 Nxe3 15.
Qxe3 fxe5 16. dxe5 Qe8 17. Kh1 a6 18. Ne4 Qc6 19. Rd4 Na4 20. b3 Bxe4 21. Rxe4
Nc3 22. Rg4 Nxe2 23. Qxe2 Rad8 24. Qe3 Qc5 25. Qxc5 Bxc5 26. h3 Rd3 27. Re1 h6
28. Rge4 Rfd8 29. Kh2 Rc3 30. R4e2 Rdd3 31. Nd2 Re3 32. Ne4 Rxe2 33. Rxe2 Re3
34. Rxe3 Bxe3 35. Kg3 b6 36. Nf2 Kf7 37. Nd3 Kg6 38. Kf3 Bd4 39. Ke4 c5 40. b4
Kf7 41. bxc5 Bxc5 42. Nxc5 bxc5 43. g4 Kg6 44. h4 h5 45. g5 1/2-1/2

[Event "WLS-ch"]
[Site "Ogmore-by-Sea"]
[Date "1992.04.20"]
[Round "5"]
[White "Smith, Jeff R"]
[Black "Sheehan, Anthony"]
[Result "0-1"]
[WhiteElo "2165"]
[BlackElo "2010"]
[PlyCount "108"]
[EventDate "1992.04.17"]
[EventType "swiss"]
[EventRounds "7"]
[EventCountry "WLS"]
[SourceTitle "BritBase"]
[Source "John Saunders"]
[SourceDate "2024.03.28"]
[SourceVersion "1"]
[SourceVersionDate "2024.03.28"]
[SourceQuality "1"]

1. Nf3 d5 2. d4 Nf6 3. Bg5 Bf5 4. e3 e6 5. Be2 Be7 6. O-O O-O 7. Nbd2 Ne4 8.
Bxe7 Qxe7 9. c4 c6 10. Qb3 Nd7 11. Nxe4 dxe4 12. Ne5 Nxe5 13. dxe5 Qg5 14. Rfd1
f6 15. Rd7 fxe5 16. Rxb7 Rad8 17. Qc2 Rf6 18. Rd1 Rdf8 19. Rdd7 Rg6 20. Bf1 Bg4
21. Qxe4 Bf3 22. Qxg6 Qxg6 23. Rxg7+ Qxg7 24. Rxg7+ Kxg7 25. gxf3 Rd8 26. b4
Rd2 27. a4 Ra2 28. b5 Rxa4 29. Kg2 cxb5 30. cxb5 Kf6 31. Bd3 Rb4 32. Kg3 Kg5
33. Be2 Kf6 34. Bd3 Ke7 35. h4 h6 36. e4 Kd7 37. Kg4 Rb2 38. Kg3 Kd6 39. Bc4
Kc5 40. Bxe6 Rxb5 41. f4 exf4+ 42. Kxf4 Kd4 43. Bd5 Rxd5 44. exd5 Kxd5 45. h5
a5 46. Ke3 Ke5 47. Kd3 Kf5 48. Kd4 Kg4 49. Ke5 Kf3 50. Kf5 a4 51. Kg6 a3 52.
Kxh6 a2 53. Kh7 a1=Q 54. h6 Qf6 0-1

[Event "WLS-ch"]
[Site "Ogmore-by-Sea"]
[Date "1992.04.20"]
[Round "5"]
[White "Sullivan, Jason D"]
[Black "Martin, David"]
[Result "1-0"]
[WhiteElo "2090"]
[BlackElo "1900"]
[PlyCount "87"]
[EventDate "1992.04.17"]
[EventType "swiss"]
[EventRounds "7"]
[EventCountry "WLS"]
[SourceTitle "BritBase"]
[Source "John Saunders"]
[SourceDate "2024.03.28"]
[SourceVersion "1"]
[SourceVersionDate "2024.03.28"]
[SourceQuality "1"]

1. e4 e6 2. d3 d5 3. Nd2 Nf6 4. Ngf3 b6 5. g3 Bb7 6. Qe2 Be7 7. Bg2 O-O 8. e5
Nfd7 9. O-O c5 10. Re1 Nc6 11. Nf1 Qc7 12. h4 a5 13. Bf4 Ba6 14. Ng5 c4 15.
dxc4 Bxc4 16. Qh5 Bxg5 17. hxg5 Ne7 18. Ne3 Ng6 19. Ng4 Kh8 20. Bf3 Bb5 21. Kg2
Nxf4+ 22. gxf4 Qxc2 23. Be4 dxe4 24. Rac1 Qd3 25. Re3 Rg8 26. Rh1 Nf8 27. Rxd3
exd3 28. Qxf7 g6 29. Qc7 Rg7 30. Qxb6 Ba6 31. Nf6 Bb7+ 32. f3 Rc8 33. Qxa5 Nd7
34. Qb5 Nc5 35. Rc1 Rgc7 36. b4 Bc6 37. Qxc5 d2 38. Rd1 Ba4 39. Qxc7 Rxc7 40.
Rxd2 Rc4 41. Rb2 Rxf4 42. Kg3 Rc4 43. b5 Rc7 44. Ne4 1-0

[Event "WLS-ch"]
[Site "Ogmore-by-Sea"]
[Date "1992.04.20"]
[Round "5"]
[White "Thornton, John D"]
[Black "Dawson, Gary B"]
[Result "1/2-1/2"]
[WhiteElo "2080"]
[BlackElo "2010"]
[PlyCount "57"]
[EventDate "1992.04.17"]
[EventType "swiss"]
[EventRounds "7"]
[EventCountry "WLS"]
[SourceTitle "BritBase"]
[Source "John Saunders"]
[SourceDate "2024.03.28"]
[SourceVersion "1"]
[SourceVersionDate "2024.03.28"]
[SourceQuality "1"]

1. e4 e5 2. Nf3 Nc6 3. Bb5 a6 4. Ba4 Nf6 5. O-O Be7 6. Re1 b5 7. Bb3 d6 8. c3
O-O 9. d4 Bg4 10. d5 Na5 11. Bc2 c6 12. dxc6 Nxc6 13. h3 Bc8 14. Nbd2 Bb7 15.
Nf1 Qc7 16. Bg5 Nd7 17. Ne3 Bxg5 18. Nxg5 Ne7 19. Nf5 Nxf5 20. exf5 Nf6 21. Ne4
Bxe4 22. Bxe4 d5 23. Bc2 Rad8 24. Qe2 Rfe8 25. a4 d4 26. cxd4 Rxd4 27. axb5
axb5 28. Rad1 Rxd1 29. Rxd1 1/2-1/2

[Event "WLS-ch"]
[Site "Ogmore-by-Sea"]
[Date "1992.04.20"]
[Round "6"]
[White "Bevan, Peter M"]
[Black "Sullivan, Jason D"]
[Result "1/2-1/2"]
[WhiteElo "2050"]
[BlackElo "2090"]
[PlyCount "77"]
[EventDate "1992.04.17"]
[EventType "swiss"]
[EventRounds "7"]
[EventCountry "WLS"]
[SourceTitle "BritBase"]
[Source "John Saunders"]
[SourceDate "2024.03.28"]
[SourceVersion "1"]
[SourceVersionDate "2024.03.28"]
[SourceQuality "1"]

1. d4 Nf6 2. Nf3 g6 3. c4 Bg7 4. Nc3 O-O 5. e4 d6 6. Be2 Nbd7 7. Bg5 h6 8. Be3
Ng4 9. Bc1 e5 10. d5 f5 11. O-O Nc5 12. Nd2 Nf6 13. f3 a5 14. Qc2 c6 15. Nb3
Nxb3 16. Qxb3 c5 17. Be3 f4 18. Bf2 g5 19. Na4 Ra6 20. Nxc5 dxc5 21. Bxc5 Rf7
22. Bf2 Nd7 23. c5 Rg6 24. Bc4 Rff6 25. c6 bxc6 26. dxc6+ Kh7 27. cxd7 Qxd7 28.
Rfd1 Rd6 29. Rxd6 Rxd6 30. Bd5 a4 31. Qb8 g4 32. Rd1 gxf3 33. Qxd6 Qg4 34. Bg3
fxg3 35. hxg3 Qxg3 36. Rd2 Qe1+ 37. Kh2 Qh4+ 38. Kg1 Qe1+ 39. Kh2 1/2-1/2

[Event "WLS-ch"]
[Site "Ogmore-by-Sea"]
[Date "1992.04.20"]
[Round "6"]
[White "Cordy, Steven"]
[Black "Evans, Carl"]
[Result "1-0"]
[WhiteElo "1995"]
[BlackElo "1830"]
[PlyCount "87"]
[EventDate "1992.04.17"]
[EventType "swiss"]
[EventRounds "7"]
[EventCountry "WLS"]
[SourceTitle "BritBase"]
[Source "John Saunders"]
[SourceDate "2024.03.28"]
[SourceVersion "1"]
[SourceVersionDate "2024.03.28"]
[SourceQuality "1"]

1. e4 g6 2. d4 Bg7 3. Nc3 c6 4. Be3 d5 5. e5 h5 6. Bd3 Nh6 7. Nge2 Nf5 8. Nf4
Qc7 9. h4 b5 10. Qf3 Nxe3 11. Qxe3 e6 12. Nxg6 fxg6 13. Bxg6+ Kd8 14. Qg5+ Qe7
15. Bxh5 Nd7 16. Ne2 Bh6 17. Qxe7+ Kxe7 18. g4 c5 19. c3 cxd4 20. cxd4 Nb6 21.
g5 Bg7 22. Nf4 Kd8 23. Bg4 Nc4 24. Bxe6 Rf8 25. Bxd5 Rxf4 26. Bxa8 Rxd4 27. Rd1
Rxd1+ 28. Kxd1 Nxb2+ 29. Kc2 Bxe5 30. Be4 Nc4 31. h5 Be6 32. h6 Na3+ 33. Kd3
Bxa2 34. f4 Bxf4 35. h7 Be5 36. h8=Q+ Bxh8 37. Rxh8+ Kc7 38. Kc3 a5 39. Kb2
Nc4+ 40. Kxa2 b4 41. g6 b3+ 42. Kxb3 Nd2+ 43. Ka4 Nxe4 44. g7 1-0

[Event "WLS-ch"]
[Site "Ogmore-by-Sea"]
[Date "1992.04.20"]
[Round "6"]
[White "Evans, Deborah M"]
[Black "Green, Karl"]
[Result "1/2-1/2"]
[WhiteElo "1960"]
[BlackElo "1780"]
[PlyCount "97"]
[EventDate "1992.04.17"]
[EventType "swiss"]
[EventRounds "7"]
[EventCountry "WLS"]
[SourceTitle "BritBase"]
[Source "John Saunders"]
[SourceDate "2024.03.28"]
[SourceVersion "1"]
[SourceVersionDate "2024.03.28"]
[SourceQuality "1"]

1. e4 g6 2. d4 Bg7 3. Nf3 d6 4. Be2 Bg4 5. Be3 Nd7 6. h3 Bxf3 7. Bxf3 e5 8. c3
Ne7 9. Qb3 b6 10. O-O O-O 11. Nd2 Kh8 12. Nc4 Rb8 13. Rad1 Nc6 14. Qb5 Ne7 15.
dxe5 Nxe5 16. Nxe5 Bxe5 17. Bh6 Re8 18. Be2 Ng8 19. Be3 Qe7 20. Qc6 Red8 21.
Bd4 Bxd4 22. cxd4 Nf6 23. Bd3 Qd7 24. Rc1 Qxc6 25. Rxc6 Rd7 26. Rfc1 Ne8 27.
Ba6 Re7 28. f3 Kg7 29. Kf2 Rd8 30. g4 f6 31. b4 d5 32. Ke3 dxe4 33. fxe4 Rd6
34. Bb5 Rxc6 35. Bxc6 Nd6 36. Kf3 Nf7 37. h4 Nd8 38. Bd5 Rd7 39. Ke3 f5 40. g5
fxe4 41. Kxe4 Re7+ 42. Kd3 Rd7 43. Bc6 Rd6 44. b5 Ne6 45. Rc4 h6 46. d5 hxg5
47. Ke3 Nc5 48. hxg5 Rd8 49. Rf4 1/2-1/2

[Event "WLS-ch"]
[Site "Ogmore-by-Sea"]
[Date "1992.04.20"]
[Round "6"]
[White "Evans, John S"]
[Black "Miles, Richard J"]
[Result "1-0"]
[WhiteElo "2000"]
[BlackElo "2100"]
[PlyCount "79"]
[EventDate "1992.04.17"]
[EventType "swiss"]
[EventRounds "7"]
[EventCountry "WLS"]
[SourceTitle "BritBase"]
[Source "John Saunders"]
[SourceDate "2024.03.28"]
[SourceVersion "1"]
[SourceVersionDate "2024.03.28"]
[SourceQuality "1"]

1. Nf3 d6 2. d4 g6 3. b4 Bg7 4. Bb2 a5 5. b5 Nf6 6. e3 Ne4 7. c4 O-O 8. Be2 c6
9. O-O Nd7 10. a4 cxb5 11. cxb5 Ndf6 12. Nbd2 Nxd2 13. Nxd2 Bf5 14. Qb3 d5 15.
Rac1 Rc8 16. Rxc8 Qxc8 17. Rc1 Qd7 18. Qc3 Ra8 19. Ba3 Bf8 20. f3 Qc8 21. Qc7
Qxc7 22. Rxc7 Rc8 23. Rxc8 Bxc8 24. Bc5 Nd7 25. b6 e5 26. Nb3 Bxc5 27. dxc5 Kf8
28. Bb5 Ke7 29. Kf2 Kd8 30. Ke2 f5 31. Kd3 Ke7 32. f4 Ke6 33. Bxd7+ Bxd7 34.
Nxa5 Bxa4 35. Nxb7 Bb5+ 36. Kc3 d4+ 37. exd4 e4 38. Nd6 e3 39. b7 e2 40. Kd2
1-0

[Event "WLS-ch"]
[Site "Ogmore-by-Sea"]
[Date "1992.04.20"]
[Round "6"]
[White "Fish, Andrew"]
[Black "Rayner, Francis"]
[Result "0-1"]
[WhiteElo "2030"]
[BlackElo "2225"]
[PlyCount "72"]
[EventDate "1992.04.17"]
[EventType "swiss"]
[EventRounds "7"]
[EventCountry "WLS"]
[SourceTitle "BritBase"]
[Source "John Saunders"]
[SourceDate "2024.03.28"]
[SourceVersion "1"]
[SourceVersionDate "2024.03.28"]
[SourceQuality "1"]

1. e4 c5 2. Nc3 Nc6 3. g3 g6 4. d3 Bg7 5. Bg2 d6 6. Be3 Rb8 7. f4 b5 8. Qd2 b4
9. Nd1 Qc7 10. Nf3 Ba6 11. c3 Nf6 12. O-O bxc3 13. bxc3 Ng4 14. h3 Nxe3 15.
Nxe3 Qa5 16. Rac1 O-O 17. f5 Qb5 18. Rfd1 Bh6 19. fxg6 hxg6 20. Kh2 Qxd3 $1 21.
Qxd3 Bxd3 22. Rxd3 c4 23. Rd5 Bxe3 24. Re1 Bc5 25. Re2 Rb1 26. Rdd2 Rfb8 27.
Rc2 Rd1 28. g4 Rd3 29. Ne1 Ne5 30. Bf1 Rd1 31. Bg2 Rbb1 32. Nf3 Nd3 33. Kg3
Rbc1 34. h4 Rxc2 35. Rxc2 Rc1 36. Ne1 Rxe1 0-1

[Event "WLS-ch"]
[Site "Ogmore-by-Sea"]
[Date "1992.04.20"]
[Round "6"]
[White "Fletcher, John"]
[Black "Adams, Mark A"]
[Result "1/2-1/2"]
[WhiteElo "1885"]
[BlackElo "2040"]
[PlyCount "47"]
[EventDate "1992.04.17"]
[EventType "swiss"]
[EventRounds "7"]
[EventCountry "WLS"]
[SourceTitle "BritBase"]
[Source "John Saunders"]
[SourceDate "2024.03.28"]
[SourceVersion "1"]
[SourceVersionDate "2024.03.28"]
[SourceQuality "1"]

1. d4 d5 2. Nc3 Nf6 3. Bg5 Nbd7 4. e4 dxe4 5. f3 exf3 6. Nxf3 c6 7. Qd2 e6 8.
Bd3 Qa5 9. O-O Bb4 10. Bxf6 Nxf6 11. Ne5 h6 12. Qf4 Bxc3 13. bxc3 Qa3 14. Qg3
Qf8 15. Bg6 fxg6 16. Nxg6 Qg8 17. Qd6 Kf7 18. Ne5+ Ke8 19. Ng6 Kf7 20. Nxh8+
Qxh8 21. Qc7+ Ke8 22. c4 Qf8 23. Rad1 Qe7 24. Qg3 1/2-1/2

[Event "WLS-ch"]
[Site "Ogmore-by-Sea"]
[Date "1992.04.20"]
[Round "6"]
[White "Gilbert, Jonathan A"]
[Black "Thornton, John D"]
[Result "1/2-1/2"]
[WhiteElo "2060"]
[BlackElo "2080"]
[PlyCount "45"]
[EventDate "1992.04.17"]
[EventType "swiss"]
[EventRounds "7"]
[EventCountry "WLS"]
[SourceTitle "BritBase"]
[Source "John Saunders"]
[SourceDate "2024.03.28"]
[SourceVersion "1"]
[SourceVersionDate "2024.03.28"]
[SourceQuality "1"]

1. d4 Nf6 2. c4 g6 3. Nc3 Bg7 4. e4 d6 5. f3 O-O 6. Be3 e5 7. d5 Nh5 8. Qd2 f5
9. O-O-O f4 10. Bf2 a5 11. Bd3 Na6 12. Nge2 Rf7 13. Bc2 Bf8 14. Kb1 Bd7 15. Ba4
Bxa4 16. Nxa4 Qe8 17. Nac3 c6 18. Rc1 b5 19. dxc6 b4 20. Na4 Qxc6 21. Qd5 Rc8
22. Nb6 Qxd5 23. cxd5 1/2-1/2

[Event "WLS-ch"]
[Site "Ogmore-by-Sea"]
[Date "1992.04.20"]
[Round "6"]
[White "Hannon, Mark"]
[Black "Campbell, J"]
[Result "0-1"]
[WhiteElo "2050"]
[BlackElo "1840"]
[PlyCount "79"]
[EventDate "1992.04.17"]
[EventType "swiss"]
[EventRounds "7"]
[EventCountry "WLS"]
[SourceTitle "BritBase"]
[Source "John Saunders"]
[SourceDate "2024.03.28"]
[SourceVersion "1"]
[SourceVersionDate "2024.03.28"]
[SourceQuality "1"]

1. d4 d5 2. c4 e6 3. Nc3 c5 4. cxd5 cxd4 5. Qa4+ Bd7 6. Qxd4 exd5 7. Qxd5 Nc6
8. Nf3 Nf6 9. Qd1 Bc5 10. e3 Qe7 11. Be2 O-O-O 12. O-O g5 13. b4 Bxb4 14. Bb2
g4 15. Nd4 Nxd4 16. exd4 Kb8 17. d5 Rhg8 18. Bc4 Qd6 19. Qb3 Bc5 20. Rae1 g3
21. Nb5 gxf2+ 22. Kh1 fxe1=Q 23. Nxd6 Qb4 24. Qxb4 Bxb4 25. Bxf6 Bxd6 26. Bxd8
Rxd8 27. Rxf7 Re8 28. Kg1 Bc5+ 29. Kf1 Rf8 30. Rxf8+ Bxf8 31. Kf2 Kc7 32. Ke3
Kd6 33. h3 Ke5 34. Bd3 Bc5+ 35. Kf3 Bf5 36. Bc4 Be4+ 37. Kg4 Bxg2 38. Kg5 Bxh3
39. Kh6 Bf5 40. Bb3 0-1

[Event "WLS-ch"]
[Site "Ogmore-by-Sea"]
[Date "1992.04.20"]
[Round "6"]
[White "James, David J"]
[Black "Cooper, John Grantley"]
[Result "1-0"]
[WhiteElo "2225"]
[BlackElo "2360"]
[PlyCount "53"]
[EventDate "1992.04.17"]
[EventType "swiss"]
[EventRounds "7"]
[EventCountry "WLS"]
[SourceTitle "BritBase"]
[Source "John Saunders"]
[SourceDate "2024.03.28"]
[SourceVersion "1"]
[SourceVersionDate "2024.03.28"]
[SourceQuality "1"]

1. d4 d5 2. Nf3 c5 3. c4 e6 4. cxd5 exd5 5. Nc3 Nc6 6. g3 Nf6 7. Bg2 Be7 8. O-O
O-O 9. Bg5 cxd4 10. Nxd4 h6 11. Be3 (11. Bxf6 Bxf6 12. Nb3 d4 $1 13. Ne4 Be7
14. Rc1 Qb6 15. Nec5 Rd8 16. Rc4 Bxc5 $1 17. Nxc5 Qxb2 {Seirawan-Kasparov, 1983
}) 11... Re8 12. Rc1 Bf8 (12... Bg4 13. Qa4 Na5 14. Rcd1 Nc4 15. Bc1 Nb6 16.
Qc2 Rc8 {van der Vliet-Chandler, Amsterdam 1983 (0-1, 40)}) 13. Qc2 Bg4 (13...
Ne5 14. Qb3 $16) 14. h3 Bd7 15. Rfd1 Rc8 ({Stockfish 16:} 15... Rxe3 $5 16.
fxe3 Qc7 $44) 16. Kh2 Bd6 17. Qd2 Ne5 18. Nxd5 Nc4 19. Nxf6+ Qxf6 20. Rxc4 $8
Rxc4 21. Nb3 Re6 22. Bd5 Rh4 $5 23. Kg2 (23. Bxe6 $4 Qxe6 $19 {/\ Qxh3+}) (23.
Bxb7 $5 Qe7 24. Bg2 $13) 23... Rh5 ({Stockfish 16:} 23... Bb4 $1 24. Qc1 Rd6
$17) 24. Bxa7 $4 (24. Bxe6 $2 Qxe6 25. Rh1 Rxh3 26. Rxh3 Qxh3+ 27. Kg1 Bxg3 $1
$19) (24. Bxb7 $11) 24... Qe7 $4 (24... Rxd5 $1 $19 25. Qxd5 $140 $2 Bc6) 25.
Bf3 $2 (25. Bxe6 Qxe6 26. Qxd6 Qxh3+ 27. Kf3 $18) 25... Rf5 $4 (25... Bc6 $11)
26. Nd4 Rxf3 27. Nxf3 {time} 1-0

[Event "WLS-ch"]
[Site "Ogmore-by-Sea"]
[Date "1992.04.20"]
[Round "6"]
[White "Martin, David"]
[Black "Eustis, Ian P"]
[Result "1-0"]
[WhiteElo "1900"]
[BlackElo "1880"]
[PlyCount "57"]
[EventDate "1992.04.17"]
[EventType "swiss"]
[EventRounds "7"]
[EventCountry "WLS"]
[SourceTitle "BritBase"]
[Source "John Saunders"]
[SourceDate "2024.03.28"]
[SourceVersion "1"]
[SourceVersionDate "2024.03.28"]
[SourceQuality "1"]

1. c4 c6 2. e4 d5 3. exd5 cxd5 4. d4 Nf6 5. Nc3 g6 6. Qb3 Bg7 7. cxd5 O-O 8.
Be3 Nbd7 9. d6 exd6 10. Nf3 Nb6 11. d5 Re8 12. Bb5 Nbd7 13. O-O a6 14. Bxd7
Nxd7 15. Rfe1 b5 16. Bg5 f6 17. Rxe8+ Qxe8 18. Re1 Ne5 19. Nxe5 dxe5 20. Be3
Bf5 21. Rd1 Bf8 22. f3 Rc8 23. g4 Bd7 24. Ne4 Qf7 25. g5 f5 26. Nf6+ Kg7 27. f4
Bd6 28. Qd3 Bc5 29. fxe5 1-0

[Event "WLS-ch"]
[Site "Ogmore-by-Sea"]
[Date "1992.04.20"]
[Round "6"]
[White "May, Adam John"]
[Black "Morton, Robert"]
[Result "1/2-1/2"]
[WhiteElo "1840"]
[BlackElo "1905"]
[PlyCount "57"]
[EventDate "1992.04.17"]
[EventType "swiss"]
[EventRounds "7"]
[EventCountry "WLS"]
[SourceTitle "BritBase"]
[Source "John Saunders"]
[SourceDate "2024.03.28"]
[SourceVersion "1"]
[SourceVersionDate "2024.03.28"]
[SourceQuality "1"]

1. e4 c6 2. d4 d5 3. Nc3 dxe4 4. Nxe4 Nf6 5. Nxf6+ gxf6 6. Nf3 Bf5 7. Be2 Qc7
8. O-O Nd7 9. c4 e6 10. d5 Be4 11. dxc6 Bxc6 12. Nd4 Bd6 13. h3 Ne5 14. Be3 Rg8
15. Nxc6 Qxc6 16. f3 Ng6 17. Qe1 Nf4 18. Bxf4 Bxf4 19. Rd1 Qc5+ 20. Kh1 Qg5 21.
g4 f5 22. Rd3 fxg4 23. fxg4 Bc7 24. Bf3 h5 25. Bxb7 Rb8 26. Qxe6+ fxe6 27. Bc6+
Ke7 28. Rd7+ Ke8 29. Rd6+ 1/2-1/2

[Event "WLS-ch"]
[Site "Ogmore-by-Sea"]
[Date "1992.04.20"]
[Round "6"]
[White "Morris, Charles F"]
[Black "Richmond Garwell, Jane"]
[Result "1/2-1/2"]
[WhiteElo "2220"]
[BlackElo "2125"]
[PlyCount "105"]
[EventDate "1992.04.17"]
[EventType "swiss"]
[EventRounds "7"]
[EventCountry "WLS"]
[SourceTitle "BritBase"]
[Source "John Saunders"]
[SourceDate "2024.03.28"]
[SourceVersion "1"]
[SourceVersionDate "2024.03.28"]
[SourceQuality "1"]

1. c4 e5 2. Nc3 d6 3. g3 g6 4. d4 exd4 5. Qxd4 Qf6 6. Qe3+ Qe6 7. Nd5 Na6 8.
Qd4 Qe5 9. Be3 Bg7 10. Nf3 Qxd4 11. Bxd4 Bxd4 12. Nxd4 c6 13. Nc3 Nf6 14. Bg2
Ke7 15. b3 Be6 16. e4 Rad8 17. O-O Nc7 18. f4 Rhe8 19. f5 Bc8 20. fxg6 hxg6 21.
Nf3 Ng4 22. Ng5 f6 23. Nf3 Ne5 24. h3 Ne6 25. g4 Rh8 26. Kf2 Nd3+ 27. Kg3 Ndf4
28. h4 Rdg8 29. Bh1 f5 30. exf5 gxf5 31. g5 Nh5+ 32. Kf2 f4 33. Rfe1 Kd7 34.
Rad1 Kc7 35. Ne4 Rd8 36. Bg2 d5 37. cxd5 cxd5 38. Rc1+ Kb8 39. Nc3 Ng3 40. Ne5
Rxh4 41. Nf7 Rf8 42. Bxd5 Rxf7 43. Bxe6 Rc7 44. Bd5 Rg4 45. Re8 Rxg5 46. Be6
Rgc5 47. Rxc8+ Rxc8 48. Bxc8 Rxc8 49. Kf3 Nh5 50. Ne2 Rxc1 51. Nxc1 Kc7 52. Kg4
Nf6+ 53. Kxf4 1/2-1/2

[Event "WLS-ch"]
[Site "Ogmore-by-Sea"]
[Date "1992.04.20"]
[Round "6"]
[White "Morris, Gareth"]
[Black "Smith, Jeff R"]
[Result "0-1"]
[WhiteElo "1975"]
[BlackElo "2165"]
[PlyCount "56"]
[EventDate "1992.04.17"]
[EventType "swiss"]
[EventRounds "7"]
[EventCountry "WLS"]
[SourceTitle "BritBase"]
[Source "John Saunders"]
[SourceDate "2024.03.28"]
[SourceVersion "1"]
[SourceVersionDate "2024.03.28"]
[SourceQuality "1"]

1. d4 Nf6 2. c4 e6 3. Nf3 b6 4. g3 Bb7 5. Bg2 Be7 6. Nc3 Ne4 7. Qd3 f5 8. O-O
Nxc3 9. Qxc3 O-O 10. b3 Bf6 11. Qd2 Be4 12. Bb2 d6 13. Rfd1 Nd7 14. Rac1 Qe7
15. Ne1 Bg5 16. e3 Bxg2 17. Kxg2 Nf6 18. f3 Bh6 19. h4 g5 20. hxg5 Bxg5 21. Nd3
h5 22. Rh1 Kf7 23. Kf2 Rh8 24. Rh3 h4 25. gxh4 Bxh4+ 26. Ke2 Rag8 27. Nf2 Bxf2
28. Rxh8 Rxh8 0-1